History Quiz

Random History Quiz
Score 0/18 Timer 10:00
0 Plays Today
% Correct
Jason Lee
92.9%
John Henson
85.7%
Hank Azaria
85.7%
Al Pacino
85.7%
Renee Zellweger
85.7%
William J. Brennan Jr.
78.6%
Ella Fitzgerald
78.6%
Guglielmo Marconi
78.6%
Edward R. Murrow
78.6%
% Correct
Talia Shire
78.6%
Tim Duncan
71.4%
Gina Torres
71.4%
Jerry Leiber
57.1%
John Henry Lloyd
57.1%
Jeffrey DeMunn
57.1%
Johan Cruyff
50%
Emily Bergl
50%
Gwen Jorgensen
35.7%
Remove Ads.
Support Sporcle.
Get the best of Sporcle when you Go Orange. This ad-free experience offers more features, more stats, and more fun while also helping to support Sporcle. Thank you for becoming a member.

You're not logged in!

Compare scores with friends on all Sporcle quizzes.
OR
Log In

Show Comments

Extras

Created Sep 26, 2019ReportNominate
Tags:April, Famous People

Top Quizzes Today


Score Distribution

Your Account Isn't Verified!

In order to create a playlist on Sporcle, you need to verify the email address you used during registration. Go to your Sporcle Settings to finish the process.

Report this User

Report this user for behavior that violates our Community Guidelines.

Details: